| 000 | 01098cam a2200337 i 4500 | ||
|---|---|---|---|
| 001 | 26557 | ||
| 003 | Mx-PuUPA | ||
| 005 | 20240918131655.0 | ||
| 008 | 140415s2003 mx gr 000 f spa d | ||
| 020 | _a9789706881632 | ||
| 020 |
_a9789687791777 _qcolección |
||
| 040 |
_aMx-PuUPA _bspa _cMx-PuUPA _dMx-PuUPA _erda |
||
| 041 | 0 | _aspa | |
| 100 | 1 |
_aCelis, Claudia, _d1951- _916183 _eautor |
|
| 245 | 1 | 0 |
_aAtados a una estrella / _cClaudia Celis |
| 250 | _aSegunda edición | ||
| 264 | 1 |
_aMéxico, D. F. : _bSM de Ediciones, _c2003 |
|
| 300 |
_a150 páginas ; _c21 cm |
||
| 336 |
_2rdacontent _atexto _btxt |
||
| 337 |
_2rdamedia _asin medio _bn |
||
| 338 |
_2rdacarrier _avolumen _bnc |
||
| 490 | 0 |
_aGran angular ; _v12 |
|
| 545 | 1 | _aReimpresiones: (Novena, 2010). | |
| 650 | 7 |
_2armarc _aNiños _xSíndrome de Down |
|
| 650 | 7 |
_2armarc _aLiteratura mexicana |
|
| 655 | 7 |
_2armarc _aNovela juvenil |
|
| 942 |
_2ddc _cLI _h863 _iC392 |
||
| 999 |
_c26557 _d26557 |
||